| 000 | nam a22 7a 4500 | ||
|---|---|---|---|
| 999 |
_c29633 _d29633 |
||
| 008 | 180427b xxu||||| |||| 00| 0 eng d | ||
| 050 | _aQA 11.2 .M38 | ||
| 245 | _aMathematics methodology and teaching mathematics / | ||
| 260 | _bBlue print, | ||
| 300 |
_apagination. _bill.; _c27cm. |
||
| 650 |
_aMathematics. _vTeaching methodology. |
||
| 942 |
_2lcc _cBOOKS _hQA 11.2 .M38 |
||